Normal view
MARC view
Entry Personal Name
001 - CONTROL NUMBER
- control field: 67997
003 - CONTROL NUMBER IDENTIFIER
- control field: OSt
005 - DATE AND TIME OF LATEST TRANSACTION
- control field: 20230102094556.0
008 - FIXED-LENGTH DATA ELEMENTS
- fixed length control field: 230102|| aca||aabn | a|a d
040 ## - CATALOGING SOURCE
- Original cataloging agency: OSt
- Transcribing agency: OSt
100 ## - HEADING--PERSONAL NAME
- Personal name: RUIZ (Don Miguel)
670 ## - SOURCE DATA FOUND
- Source citation: Work cat.: (OSt): Don Miguel Ruiz 67992, Four Agreements: A Practical Guide to Personal Freedom, 1997